000 00621nam a2200229 a 4500
005 20140310183338.0
008 061107s19uu xx 00 eng d
020 _a0256120250
050 _aHG 4026
_b.H44 1994
100 _aHelfert, Erich A.
245 _aTechniques of financial analysis /
_cErich A. Helfert
250 _a8th ed.
260 _aBurr Ridge, Illinois :
_bIrwin,
_c1994.
300 _a608 p. :
_c23 cm.
521 _aBSBA
650 _aCorporations
_xFinance.
650 _aCash flow.
650 _aFinancial statements.
650 _aRatio analysis.
942 _cBK
_2lcc
_kFOR
999 _c21727
_d21727